000
00273 a2200121 4500
001
64123
082
_a
620.1054HUR
090
_c
37898
_d
37898
100
_a
Hurty Walter C
245
_a
Dynamics of Structures
260
_a
NJ
_b
Prentice Hall
_c
1964
300
_a
455 p
942
_a
NUST-CAE
_k
620.1054HUR
999
_c
299196
_d
299196